[Event "POL-chT3 Liga Slaska"]
[Site "Poland"]
[Date "2007.03.18"]
[Round "5"]
[White "Binkiewicz, Dariusz"]
[Black "Szwarc, Pawel"]
[Result "1/2-1/2"]
[WhiteElo "2078"]
[BlackElo "2118"]
[PlyCount "40"]
[EventDate "2007.01.28"]
[EventType "team-swiss"]
[EventRounds "9"]
[EventCountry "POL"]
[SourceTitle "EXT 2011"]
[Source "ChessBase"]
[SourceDate "2010.11.26"]
[SourceVersion "1"]
[SourceVersionDate "2010.11.26"]
[SourceQuality "1"]
[WhiteTeam "Katowice Zawodzie"]
[BlackTeam "Katowice UKS Palac Mlodziezy"]
[WhiteTeamCountry "POL"]
[BlackTeamCountry "POL"]

1. e4 c5 2. Nc3 e6 3. Nge2 d5 4. exd5 exd5 5. d4 Nf6 6. g3 Be7 7. Bg2 c4 8. 0-0 0-0 9. Bg5 Be6 10. Nf4 Nc6 11. Nxe6 fxe6 12. Bh3 Qd7 13. Re1 Nd8 14. Qe2 h6 15. Bf4 Bb4 16. Bxe6+ Nxe6 17. Qxe6+ Qxe6 18. Rxe6 Bxc3 19. bxc3 Ne4 20. Re7 Nxc3 1/2-1/2

[Event "POL-chT disctrict"]
[Site "Slask"]
[Date "1996.??.??"]
[Round "?"]
[White "Banasik, Henryk"]
[Black "Binkiewicz, Dariusz"]
[Result "1/2-1/2"]
[WhiteElo "2170"]
[BlackElo "2085"]
[PlyCount "82"]
[EventDate "1996.??.??"]
[EventType "team"]
[EventRounds "12"]
[EventCountry "POL"]
[SourceTitle "EXT 2001"]
[Source "ChessBase"]
[SourceDate "2000.11.22"]
[SourceVersion "1"]
[SourceVersionDate "2000.11.22"]
[SourceQuality "1"]

1. e4 e6 2. d4 d5 3. Nd2 Nf6 4. e5 Nfd7 5. c3 c5 6. f4 Nc6 7. Ndf3 cxd4 8. cxd4 Bb4+ 9. Kf2 0-0 10. g3 f6 11. Kg2 a6 12. Bd3 f5 13. Be3 Be7 14. h3 Kh8 15. Ne2 Nb4 16. Bb1 Nb6 17. g4 g6 18. h4 Rg8 19. Ng5 Qe8 20. h5 h6 21. hxg6 Qxg6 22. Ng3 Kg7 23. a3 Nc6 24. Nh3 Qxg4 25. Qxg4+ fxg4 26. Nf2 Nc4 27. Nxg4 Kf8 28. Kf3 Rxg4 29. Kxg4 Nxe3+ 30. Kf3 Nf5 31. Nxf5 exf5 32. Ke3 Kg7 33. Bd3 Bd7 34. Rag1+ Kh7 35. Rh5 Rg8 36. Bxf5+ Bxf5 37. Rxg8 Bg6 38. Rxg6 Kxg6 39. Rh2 h5 40. f5+ Kxf5 41. Rxh5+ Ke6 1/2-1/2

[Event "POL-chT disctrict"]
[Site "Slask"]
[Date "1996.??.??"]
[Round "?"]
[White "Binkiewicz, Dariusz"]
[Black "Kwitek, Tomasz"]
[Result "0-1"]
[WhiteElo "2085"]
[BlackElo "2145"]
[PlyCount "62"]
[EventDate "1996.??.??"]
[EventType "team"]
[EventRounds "12"]
[EventCountry "POL"]
[SourceTitle "EXT 2001"]
[Source "ChessBase"]
[SourceDate "2000.11.22"]
[SourceVersion "1"]
[SourceVersionDate "2000.11.22"]
[SourceQuality "1"]

1. e4 Nf6 2. e5 Nd5 3. d4 d6 4. c4 Nb6 5. exd6 cxd6 6. Nc3 g6 7. h3 Bg7 8. Nf3 0-0 9. Be3 Nc6 10. Be2 e5 11. d5 Ne7 12. Qc1 Nf5 13. Bg5 Qc7 14. g4 Nd4 15. Nxd4 exd4 16. Nb5 Qd7 17. Qd2 Re8 18. Kf1 f5 19. Nxd4 Qf7 20. Nb5 Be5 21. Bf4 Bxf4 22. Qxf4 Re4 23. Qd2 Qf6 24. g5 Qe5 25. Rc1 Bd7 26. Bd3 Nxc4 27. Rxc4 Bxb5 28. Bxe4 Bxc4+ 29. Bd3 Qe4 30. Bxc4 Qxh1+ 31. Ke2 Qe4+ 0-1

[Event "POL-chT disctrict"]
[Site "Slask"]
[Date "1996.??.??"]
[Round "?"]
[White "Wilk, Adam"]
[Black "Binkiewicz, Dariusz"]
[Result "0-1"]
[WhiteElo "2015"]
[BlackElo "2085"]
[PlyCount "83"]
[EventDate "1996.??.??"]
[EventType "team"]
[EventRounds "12"]
[EventCountry "POL"]
[SourceTitle "EXT 2001"]
[Source "ChessBase"]
[SourceDate "2000.11.22"]
[SourceVersion "1"]
[SourceVersionDate "2000.11.22"]
[SourceQuality "1"]

1. b4 c6 2. Bb2 Qb6 3. a3 a5 4. c4 axb4 5. c5 Qc7 6. axb4 Rxa1 7. Bxa1 d5 8. Nf3 f6 9. d4 Bg4 10. e3 Nd7 11. Nc3 e5 12. Qa4 Bxf3 13. gxf3 exd4 14. exd4 g6 15. Qa8+ Kf7 16. Be2 Ne7 17. b5 Bg7 18. Qa4 Re8 19. Kf1 Nf8 20. Bd1 Ne6 21. Ne2 Nf5 22. Bc3 Nh4 23. Ba5 Qd7 24. bxc6 bxc6 25. Ng1 Ra8 26. Qb4 f5 27. Bb6 Ra1 28. Qd2 Qb7 29. Qd3 Nf4 30. Qb3 Qa6+ 31. Ke1 Nd3+ 32. Kd2 Nxf2 33. Nh3 Qa2+ 34. Bc2 Qxb3 35. Bxb3 Nxh1 36. Ng5+ Ke7 37. Bxd5 cxd5 38. c6 Bh6 39. f4 Bxg5 40. fxg5 Kd6 41. c7 Kd7 42. Ke2 0-1